Revidovaná úloha výmenného kurzu v stratégii menovej politiky - skúsenosti zo súčasnej finančnej krízy diplomová práca

Gespeichert in:
Bibliographische Detailangaben
1. Verfasser: Fišera, Boris
Körperschaft: Národohospodárska fakulta EU. Katedra bankovníctva a medzinárodných financií
Weitere Verfasser: Vojtková, Mária
Format: Buch
Sprache:Slowakisch
Veröffentlicht: Bratislava 2018
Tags: Tag hinzufügen
Keine Tags, Fügen Sie das erste Tag hinzu!

MARC

LEADER 00000nbm a2200000 4500
001 0244258
005 20181114093933.1
041 0 |a slo 
044 |a SK 
245 1 0 |a Revidovaná úloha výmenného kurzu v stratégii menovej politiky - skúsenosti zo súčasnej finančnej krízy  |b diplomová práca  |c Boris Fišera ; školiteľ: Mária Širaňová 
264 1 |a Bratislava  |c 2018 
300 |a 125 s. 
100 1 |a Fišera, Boris 
700 1 |a Vojtková, Mária 
710 2 |a Národohospodárska fakulta EU. Katedra bankovníctva a medzinárodných financií